| 000 | 01052nam a2200289 i 4500 | ||
|---|---|---|---|
| 001 | bg | ||
| 003 | KOSZ 005 | ||
| 005 | 20221128095433.0 | ||
| 008 | 080213s1967 pl f 000 0 pol | ||
| 015 | _aPB 1967/6787 | ||
| 040 |
_aWA N _cKOSZ 005/RW _dKOSZ 005/RW |
||
| 041 | 0 |
_apol _beng _brus |
|
| 080 | _a001:374 | ||
| 100 | 1 |
_aRudniański, Jarosław _d(1921-2008). _eAutor |
|
| 245 | 1 | 0 |
_aMetody pracy umysłowej ucznia / _cJarosław Rudniański ; słowo wstępne T. Kotarbiński. |
| 260 |
_aWarszawa : _bPaństwowe Zakłady Wydawnictw Szkolnych, _c1967. |
||
| 300 |
_a171, [1] s. ; _c23 cm. |
||
| 380 | _aKsiążki. | ||
| 504 | _aBibliogr. s. 160-[163]. | ||
| 546 | _aStreszcz. ang. i ros. | ||
| 650 | 4 | _aUczenie się | |
| 650 | 4 | _aPraca umysłowa | |
| 710 | 2 |
_aPaństwowe Zakłady Wydawnictw Szkolnych _4pbl. |
|
| 700 | 1 |
_aKotarbiński, Tadeusz _d(1886-1981) _ePrzedmowa |
|
| 856 |
_uhttp://koha.tu.koszalin.pl/cgi-bin/koha/opac-detail.pl?biblionumber=11589 _yKatalog online BPK |
||
| 942 |
_2UKD _cKS |
||
| 999 |
_c11589 _d11589 |
||